Effektivnosť projektirujemych elementov

Guardado en:
Detalles Bibliográficos
Autor principal: Iľjičov, A.V (Autor)
Formato: Libro
Lenguaje:ruso
Publicado: Moskva : Vysšaja škola, 1982
Etiquetas: Agregar Etiqueta
Sin Etiquetas, Sea el primero en etiquetar este registro!

MARC

LEADER 00000nam a22000003a 4500
001 stu138215
005 20150617225921.8
008 070222s1982----xxr-----------------rus-d
040 |a STU  |b slo 
041 0 |a rus 
044 |a xxr 
080 |a 002.2 
100 1 |a Iľjičov, A.V.  |4 aut 
245 1 |a Effektivnosť projektirujemych elementov 
260 |a Moskva :  |b Vysšaja škola,  |c 1982 
300 |a 280 s 
996 |b E51406  |c E*51406  |l EE03  |s P  |a 0  |w stu138215_0001